00409nam a2200121Ia 4500008004100000100002100041245003500062245002200097260000900119856006700128999001900195952007300214160531s9999 xx 000 0 und d aPovilitis, Tony. aTopics in Conservation Biology cby Tony Povilitis c2012 uhttp://www.intechopen.com/books/topics-in-conservation-biology c295107d295107 001040aCLbCLd2016-05-31l0r2016-05-31 00:00:00w2016-05-31yCBE